=LDR 00000nam 2200000 4500 =001 000912 =005 20250712123350 =035 ##$$a 0010-0725000790 =007 ta =008 250712################a##########0#ind## =020 ##$$a 978-623-472-673-2 =082 ##$$a 398.209 598 =084 ##$$a 398.209 598 BLO c =100 #$$a Bloch, Carole =245 1#$$a Coba Dengarkan /$c Carole Bloch =250 ##$$a cetakan pertama =260 ##$$a jakarta :$b badan pengembangan dan pembinaan bahasa,$c 2022 =300 ##$$a 20 hlm. : $b ilus. ; $c 22,9 cm$e 398.209 598 =650 #4$$a literasi bahan bacaan =856 ##$$a TBM As Suhada =990 ##$$a TBM202400747